000 00748nam a22002417a 4500
003 DO-SdBNP
005 20240806134438.0
008 161202b2005 sp a 00| 0 spa d
020 _a8496412628
040 _aBPMSU
_bspa
_cBPMSU
082 4 _a843.47
_bP454ce 2005
_222
100 1 _aPerrault, Charles
_d1628-1703
_968
245 1 0 _a Cenicienta /
_cCharles Perrault ; ilustración Lancman Ink
260 _aMadrid :
_bEl país,
_c2005.
300 _a43 p. :
_bil, ;
_c20 cm.
490 0 _aCuentos infantiles,
_v8
590 _aInventariado, 2024/VM
650 4 _aCuentos infantiles franceses
650 4 _aLiteratura infantil francesa
700 1 _aInk, Lancman
_eilustración
910 _aVMateo V. Control de calidad. BPMSUb
942 _2ddc
_cBK
999 _c14766
_d14766